| 000 | 02779nam a22003257a 4500 | ||
|---|---|---|---|
| 001 | 1732 | ||
| 003 | FISKH | ||
| 005 | 20231003160837.0 | ||
| 008 | 230921b cb ||||| |||| 00| 0 khr d | ||
| 020 | _a9789924340577 | ||
| 040 |
_aFISKH _beng _cFISKH _dFISKH |
||
| 082 | _a509.031 | ||
| 100 | _aTae-kwan, Kim | ||
| 245 |
_a100 វិទ្យាសាស្រ្តអភិវត្តន៍ពិភពលោក / _bពីការរកឃើញឳសថប៉េនីស៊ីល្លីន រហូតដល់ទូរស័ព្ទទំនើប : _cនិពន្ធដោយ គីម ថែខ្វាន់ និង អ៊ីម ហ្យងវុក - គូររូបដោយ មុន ផ្សងយុន - បកប្រែពីភាសាថៃដោយ វ៉ា សុវណ្ណរដ្ដ |
||
| 250 | _aបោះពុម្ពលើកទី ២ សីហា ២០២១ | ||
| 260 |
_aPhnom Penh : _bSipar, _c2021. |
||
| 300 |
_a85 pages : _bcolor illustrations ; _c23 cm |
||
| 490 |
_aខ្ញុំចង់ដឹង _v6 |
||
| 505 | _aZ' | ||
| 520 | _aនៅក្នុងផ្នែកទី៦នៃសៀវភៅថ្លុកកំប្លែងនេះ បង្ហាញអំពីការរកឃើញឳសថប៉េនិស៊ីល្លីន ការរពង្រីកខ្លួនរបស់ចក្រវាល ទូរទស្សន៍និងការផ្សាយសម្លេង ការបង្កើតនីឡុង ការអភិវឌ្ឍថាមពលនុយក្លេអ៊ែរ គម្រោងការណ៍មែនហាត់តាន់ ការបង្កើតកុំព្យូទ័រ ការបង្កើតផ្កាយរណប ជាន់ឋានព្រះច័ន្ទ ដើមកំណើតអ៊ីនធើណែត និងការរកឃើញទូរស័ព្ទដៃទំនើប។ | ||
| 520 | _aPart six of a comic book series exploring the discovery of penicillin, the expansion of the television and broadcasting, the creation of nylon, the development of nuclear power, the Manhattan Project, the development of computers, and the development of lunar satellites. The origins of the Internet and the discovery of smart phones are also included. | ||
| 521 | 8 |
_a1060
_bLexile estimate |
|
| 521 | 8 |
_aZ'
_bRaz-Plus |
|
| 650 |
_aវិទ្យាសាស្រ្ត _vស្រាវជ្រាវ _xការអភិវឌ្ឍ _yការបង្កើត |
||
| 650 |
_aScience _vDiscovery _xDevelopment _yCreation |
||
| 700 |
_aHyeong-wook, Im _eAuthor |
||
| 700 |
_aSung-hun, Jung _eillustrator |
||
| 700 |
_aSovannrath, Va _eTranslator |
||
| 942 |
_2ddc _cKHB _n0 |
||
| 999 |
_c1732 _d1732 |
||